000
00329nam a2200133Ia 4500
008
240624s9999 xx 000 0 und d
041
_a
eng
082
_a
920 VAN
100
_a
VIGLIA GIAMPAOLO
245
_a
ELON MUSK HOW THE BILLIONAIRE CEO OF SPA
260
_c
2015
_a
London
_b
Virgin
300
_a
392 p.; 24 cm.
365
_c
RS
999
_c
30222
_d
30222